00876nam a2200265Ia 4500003000400000005001700004008004100021020001400062040000700076041001200083082001800095100003300113245006300146250000600209260004300215300003000258365001300288650001900301650002200320700003500342906006300377942001200440999001900452952013900471OSt20250715175328.0210423s2005 xx 000 0 und d a812290905 cAL aEnglish a070.41 bPATE aBenton Rain Patterson979141 aEditor in chiefb: a management guide for magazine editors a2 aNew DelhibSurjeeth Publicationsc2005 avii,200p.bPBc22.5x15cm. b225cINR aEditing979142 aJournalism979143 aPatterson, Coleman E P9218857 achief: ; Editor ; editors. ; guide ; magazine ; management 2ddccBK c156263d156263 00102ddc40708MAJMCaSACPGbSACPGd2008-10-01eAthulya Booksg225.00l0o070.41 PATEpPG002736r2022-08-24 00:00:00w2021-04-26yBK